Normal view
MARC view
- شابرا، محمد عمر، م.مشارك طارق الله خان
Entry Personal Name
001 - CONTROL NUMBER
- control field: 28097
003 - CONTROL NUMBER IDENTIFIER
- control field: JO-AjAnu
005 - DATE AND TIME OF LATEST TRANSACTION
- control field: 20230606074750.0
008 - FIXED-LENGTH DATA ELEMENTS
- fixed length control field: 230606|| aca||aabn | a|a d
040 ## - CATALOGING SOURCE
- Original cataloging agency: JO-AjAnu
- Transcribing agency: JO-AjAnu
100 ## - HEADING--PERSONAL NAME
- Personal name: شابرا، محمد عمر، م.مشارك طارق الله خان
670 ## - SOURCE DATA FOUND
- Source citation: Work cat.: (JO-AjAnu)14423: شابرا، محمد عمر، م.مشارك طارق الله خان, author, الرقابة والإشراف على المصارف الإسلامية